000 01107nam a2200229 u 4500
001 000498613
003 AM-YeHGA
005 20250707142852.0
008 060901s2000 ai a r 000 0 arm d
040 _aAM-YeHGA
041 1 _aarm
_hper
100 1 _aՍեփեհրի, Սոհրաբ
245 1 0 _aԿանաչ ծավալ :
_bԲանաստեղծություններ և պոեմներ /
_cՍ. Սեփեհրի ; Պարսկ. թարգմ. և վերջաբ. հեղ.՝ Էդ. Հախվերդյան ; Խմբ.՝ Հովհ. Գրիգորյան; Նկ.՝ Վ. Տեր-Սարգսյան (Վաչագ).
260 _aԵրևան :
_bՎան Արյան,
_c2000.
300 _a185 էջ :
_bդիմանկ. ;
_c20 սմ.
500 _aՏողատակի ծանոթագր.
650 1 4 _aՊարսկական գրականություն
_xՊոեզիա
700 1 _aՀախվերդյան, Էդուարդ,
_d1952-
_eթարգմ.
_4trl
_eվերջաբ.
_4aft
_94084
700 1 _aԳրիգորյան, Հովհաննես Երվանդի,
_d1945-2013
_eխմբ.
_4edt
_91645
700 1 _aՏեր-Սարգսյան, Վ. (Վաչագ)
_eնկ.
_4art
942 _2udc
_cBK
999 _c184323
_d184323